| Tag |
First Indicator |
Second Indicator |
Subfields |
| LEADER |
00000nam a2200000Ia 4500 |
| 001 |
in00004181213 |
| 005 |
20200807084342.0 |
| 006 |
m g d |
| 007 |
cr bn |||a|bb| |
| 008 |
040924s1610 enk od 000 0 lat d |
| 035 |
|
|
|a (OCoLC)56572957
|
| 040 |
|
|
|a EBK
|e dcrb
|c EBK
|
| 037 |
|
|
|a CL0036000071
|b ProQuest Information and Learning 300 N. Zeeb Rd., Ann Arbor, MI 48103-1553
|
| 041 |
1 |
|
|a lat
|a eng
|h lat
|
| 090 |
|
|
|a PA2365
|b .T56 1592
|
| 049 |
|
|
|a UMIA
|
| 100 |
1 |
|
|a Thomas, Thomas,
|d 1553-1588.
|
| 245 |
1 |
0 |
|a Thomae Thomasii dictionarium :
|b summa fide ac diligentia accuratissimè emendatum, magna que insuper rerum scitu dignarum, et vocabulorum accessione, longè auctiùs locupletiúsque redditum. : Huic etiam (præter dictionarium historicum & poeticum, ad prophanas hist[--]arumq; fabulas intelligendas valdé[--]essit vtilissimas de ponde-[--]
|
| 250 |
|
|
|a Octava E[ditione --]ibus multo auctior..
|
| 260 |
|
|
|a Cantabrigiæ, :
|b Ex Officina Iohannis Legati, celeberrimæ Academiæ Typographi. Cum Privilegio Regiæ Maiestatis.,
|c 1610..
|
| 300 |
|
|
|a 1 online resource ([788] pages)
|
| 336 |
|
|
|a text
|b txt
|2 rdacontent
|
| 337 |
|
|
|a computer
|b c
|2 rdamedia
|
| 338 |
|
|
|a online resource
|b cr
|2 rdacarrier
|
| 500 |
|
|
|a Signatures: [par]⁴(- 1-2), A-3C⁸ (last leaf blank).
|
| 500 |
|
|
|a "Extant Londini, ad Insigne Coronæ in Cœmiterio D. Pauli."--Foot of t.p.
|
| 500 |
|
|
|a Imperfect: stained throughout, with loss of text from t.p. and throughout; tightly bound, with loss of text in gutter; faded, print show-through, bleeding, and broken type; O₁₋₂, Kk₁₋₂ lacking.
|
| 500 |
|
|
|a Reproduction of original in: Folger Shakespeare Library.
|
| 510 |
4 |
|
|a STC (2nd edition)
|c 24014.
|
| 533 |
|
|
|a Electronic reproduction.
|b Ann Arbor, Mich. :
|c UMI,
|d 1999-
|f (Early English books online)
|n Digital version of: (Early English books, 1475-1640 ; 2157:4)
|7 s1999 miun s
|
| 650 |
|
0 |
|a Latin language
|v Dictionaries
|x English.
|
| 650 |
|
0 |
|a English language
|v Dictionaries
|x Latin.
|
| 830 |
|
0 |
|a Early English books online.
|
| 856 |
4 |
0 |
|u http://proxy.library.tamu.edu/login?url=https://search.proquest.com/docview/2240919475
|z Connect to the full text of this electronic book
|t 0
|
| 999 |
f |
f |
|s cd4e81fd-b85b-37b1-a6a3-ff776799c325
|i d334c120-0c61-3f76-8216-4bbe7504a14c
|t 0
|
| 952 |
f |
f |
|a Texas A&M University
|b College Station
|c Electronic Resources
|d Available Online
|t 0
|e PA2365 .T56 1592
|h Library of Congress classification
|
| 998 |
f |
f |
|a PA2365 .T56 1592
|t 0
|l Available Online
|